[Event "ENCI Limburg-open C"]
[Site "Maastricht"]
[Date "2011.06.13"]
[Round "7"]
[White "Tangelder, Yonne"]
[Black "Maessen, Roy"]
[Result "1-0"]
[WhiteElo "1595"]
[BlackElo "1648"]
[PlyCount "52"]
[EventDate "2011.06.10"]
[EventType "swiss"]
[EventRounds "7"]
[EventCountry "NED"]
[Source "P.Boonen"]
[SourceDate "2012.01.01"]

1. e4 d5 2. exd5 Nf6 3. Nf3 Nxd5 4. d4 Bf5 5. Bc4 Nb6 6. Bb3 e6 7. O-O Be7 8.
Nc3 O-O 9. Bf4 c5 10. Qe2 cxd4 11. Rfd1 Nc6 12. Nb5 Bf6 13. Nd6 Bg4 14. Nxb7
Bxf3 15. Qxf3 Qc8 16. Nd6 Qd7 17. Ne4 Be7 18. Qg3 f5 19. Bh6 Bb4 20. Bxe6+ Qf7
21. Bxf7+ Rxf7 22. Nd6 Bxd6 23. Qxd6 Rf6 24. Qf4 Rxh6 25. Qxf5 Rf8 26. Qc5 Kh8
1-0

[Event "ENCI Limburg-open C"]
[Site "Maastricht"]
[Date "2011.06.13"]
[Round "7"]
[White "Thingstad, Tormod"]
[Black "Slangen Knuit, Dien"]
[Result "1-0"]
[WhiteElo "997"]
[BlackElo "1111"]
[PlyCount "85"]
[EventDate "2011.06.10"]
[EventType "swiss"]
[EventRounds "7"]
[EventCountry "NED"]
[Source "P.Boonen"]
[SourceDate "2012.01.01"]

1. c4 e6 2. Nc3 c6 3. g3 d5 4. cxd5 exd5 5. Bg2 Nf6 6. Nf3 Be7 7. O-O O-O 8. a3
Re8 9. e3 b6 10. b4 Nbd7 11. Bb2 Bb7 12. Rc1 Rb8 13. d3 a5 14. b5 cxb5 15. Nxb5
Ba6 16. Nc7 Rf8 17. Nxa6 Ra8 18. Nc7 Rc8 19. Nb5 Nc5 20. Ne5 Re8 21. d4 Nce4
22. Nc6 Qd7 23. Nxe7+ Qxe7 24. Qe2 Rcd8 25. Bh3 Ng5 26. Bf5 g6 27. Rc7 Qf8 28.
Bd3 Qh6 29. f4 Nh3+ 30. Kh1 Nh5 31. Qg2 Nf6 32. Nc3 Rxe3 33. Be2 Rde8 34. Bc1
R3e6 35. f5 Nf4 36. Bxf4 Qf8 37. fxe6 Rxe6 38. Be5 Qxa3 39. Rc8+ Kg7 40. Nxd5
Qb2 41. Nxf6 h5 42. Nxh5+ Kh6 43. Rh8+ 1-0

[Event "ENCI Limburg-open C"]
[Site "Maastricht"]
[Date "2011.06.13"]
[Round "7"]
[White "Uiterwijk, Jos"]
[Black "Valembois, Pierre"]
[Result "1-0"]
[WhiteElo "1598"]
[BlackElo "1150"]
[PlyCount "61"]
[EventDate "2011.06.10"]
[EventType "swiss"]
[EventRounds "7"]
[EventCountry "NED"]
[Source "P.Boonen"]
[SourceDate "2012.01.01"]

1. e4 d5 2. exd5 Qxd5 3. Nc3 Qa5 4. d4 c6 5. Nf3 Bf5 6. Bd2 e6 7. Be2 Nf6 8.
O-O Qb6 9. Na4 Qc7 10. Ne5 Bd6 11. Bf4 g5 12. Bxg5 Bxe5 13. dxe5 Nbd7 14. exf6
O-O-O 15. Qc1 Rhg8 16. Bh4 Bh3 17. Bg3 Nxf6 18. Bxc7 Kxc7 19. g3 Ne4 20. Qf4+
Nd6 21. Rfd1 f5 22. Nc5 Bg4 23. Nxe6+ Kb8 24. Nxd8 Bxe2 25. Qxd6+ Kc8 26. Qe6+
Kc7 27. Qxg8 Bxd1 28. Rxd1 b5 29. Ne6+ Kb6 30. Qd8+ Ka6 31. Nc5# 1-0

[Event "ENCI Limburg-open C"]
[Site "Maastricht"]
[Date "2011.06.13"]
[Round "7"]
[White "Van Ginneken, Jeroen"]
[Black "Hodzic, Hajrudin"]
[Result "1-0"]
[WhiteElo "1682"]
[BlackElo "1678"]
[PlyCount "51"]
[EventDate "2011.06.10"]
[EventType "swiss"]
[EventRounds "7"]
[EventCountry "NED"]
[Source "P.Boonen"]
[SourceDate "2012.01.01"]

1. e4 d5 2. exd5 Qxd5 3. Nc3 Qd8 4. Nf3 Bg4 5. Be2 Bxf3 6. Bxf3 c6 7. O-O Nf6
8. d4 e6 9. Qd3 Be7 10. Ne4 Nxe4 11. Bxe4 g6 12. c3 O-O 13. Bh6 Re8 14. f4 Nd7
15. f5 Nf6 16. fxg6 hxg6 17. Bxg6 Bd6 18. Bxf7+ Kh8 19. Qg6 Bxh2+ 20. Kxh2 Rg8
21. Bxg8 Qc7+ 22. Bf4 Qg7 23. Qxg7+ Kxg7 24. Be5 Rxg8 25. Rxf6 Rh8+ 26. Kg1 1-0

[Event "ENCI Limburg-open C"]
[Site "Maastricht"]
[Date "2011.06.13"]
[Round "7"]
[White "Van Ginneken, Jos"]
[Black "De Coninck, Erik"]
[Result "1-0"]
[WhiteElo "1565"]
[BlackElo "1154"]
[PlyCount "103"]
[EventDate "2011.06.10"]
[EventType "swiss"]
[EventRounds "7"]
[EventCountry "NED"]
[Source "P.Boonen"]
[SourceDate "2012.01.01"]

1. e4 c6 2. Nf3 d5 3. exd5 cxd5 4. d4 Nc6 5. h3 Bf5 6. Bd3 Bxd3 7. Qxd3 Nf6 8.
O-O e6 9. a3 Be7 10. c4 dxc4 11. Qxc4 O-O 12. b4 Qd5 13. Qxd5 Nxd5 14. Be3 Rfd8
15. Ra2 Rac8 16. Rc2 a6 17. Rfc1 Rd7 18. Nc3 Nxc3 19. Rxc3 Bd6 20. Kf1 Rdc7 21.
g3 Ne7 22. Rxc7 Rxc7 23. Rxc7 Bxc7 24. Ke2 Nd5 25. Bd2 g6 26. Kd3 Kg7 27. Ng5
h6 28. Ne4 g5 29. Nc5 e5 30. Nxb7 Bb6 31. Ke4 Bxd4 32. Kxd5 Bxf2 33. g4 Bd4 34.
Nc5 Bb2 35. a4 a5 36. b5 Kg6 37. b6 f5 38. b7 f4 39. b8=Q f3 40. Qxb2 f2 41.
Qb1+ Kf6 42. Qf5+ Kg7 43. Bxa5 e4 44. Qxf2 h5 45. Bb4 hxg4 46. hxg4 Kh6 47. a5
Kg7 48. a6 Kg6 49. a7 Kg7 50. a8=Q Kh6 51. Qf6+ Kh7 52. Qah8# 1-0

[Event "ENCI Limburg-open C"]
[Site "Maastricht"]
[Date "2011.06.13"]
[Round "7"]
[White "Van Meegen, Judith"]
[Black "Bauchmueller, Franz Josef"]
[Result "1-0"]
[WhiteElo "1484"]
[BlackElo "1587"]
[PlyCount "125"]
[EventDate "2011.06.10"]
[EventType "swiss"]
[EventRounds "7"]
[EventCountry "NED"]
[Source "P.Boonen"]
[SourceDate "2012.01.01"]

1. e4 e5 2. Nf3 Nc6 3. Nc3 Bc5 4. Nxe5 Bxf2+ 5. Kxf2 Nxe5 6. d4 Qf6+ 7. Kg1 Ng6
8. Be3 d6 9. Qd2 Qd8 10. Bc4 Be6 11. Bb3 N8e7 12. Kf2 O-O 13. Rhf1 Bxb3 14.
axb3 a6 15. Kg1 Qd7 16. Qe2 Rae8 17. Qh5 f5 18. Bd2 fxe4 19. Nxe4 Rf5 20. Rxf5
Qxf5 21. Qxf5 Nxf5 22. Re1 Kf7 23. Ng5+ Kf8 24. Nxh7+ Kf7 25. Ng5+ Kf8 26. Rf1
Re2 27. Rxf5+ Kg8 28. Rf2 Re7 29. c4 Nf8 30. Kf1 Nd7 31. Re2 Rxe2 32. Kxe2 g6
33. Ne6 c5 34. Ke3 b6 35. dxc5 dxc5 36. b4 Kf7 37. Nc7 cxb4 38. Nxa6 b3 39. Kd3
Nf6 40. Bf4 Ke6 41. Kc3 g5 42. Bc7 Nd7 43. Kxb3 g4 44. Nb8 Nc5+ 45. Kb4 Nd3+
46. Kc3 Ne1 47. Bxb6 Nxg2 48. c5 Ne3 49. Kd4 Nd5 50. Ba5 Ne7 51. c6 Nf5+ 52.
Ke4 g3 53. hxg3 Nxg3+ 54. Kd4 Nf5+ 55. Kc5 Nd6 56. b4 Ne4+ 57. Kb6 Nd6 58. c7
Nc8+ 59. Kc5 Nd6 60. b5 Nb7+ 61. Kb6 Nd6 62. Ka6 Nc8 63. b6 1-0

[Event "ENCI Limburg-open C"]
[Site "Maastricht"]
[Date "2011.06.13"]
[Round "7"]
[White "Van Velthoven, Paul"]
[Black "Godding, Mick"]
[Result "0-1"]
[WhiteElo "1524"]
[BlackElo "1544"]
[PlyCount "40"]
[EventDate "2011.06.10"]
[EventType "swiss"]
[EventRounds "7"]
[EventCountry "NED"]
[Source "P.Boonen"]
[SourceDate "2012.01.01"]

1. e4 d5 2. exd5 Nf6 3. c4 c6 4. dxc6 Nxc6 5. Nf3 e5 6. d3 Bc5 7. Be3 Bxe3 8.
fxe3 e4 9. Ng5 Qa5+ 10. Nc3 Qxg5 11. Qd2 exd3 12. Bxd3 O-O 13. O-O-O Bf5 14. h4
Qh5 15. Ne2 Bxd3 16. Nf4 Qc5 17. Qxd3 Nb4 18. Qb3 Nxa2+ 19. Kb1 Nb4 20. Rdg1
Ne4 0-1

[Event "ENCI Limburg-open C"]
[Site "Maastricht"]
[Date "2011.06.13"]
[Round "7"]
[White "Van der Werff, Silvia"]
[Black "Gundogmus, Alaetin"]
[Result "0-1"]
[WhiteElo "1416"]
[BlackElo "1552"]
[PlyCount "42"]
[EventDate "2011.06.10"]
[EventType "swiss"]
[EventRounds "7"]
[EventCountry "NED"]
[Source "P.Boonen"]
[SourceDate "2012.01.01"]

1. e4 c5 2. Nf3 Nc6 3. d4 cxd4 4. Nxd4 Nxd4 5. Qxd4 Qc7 6. Nc3 e5 7. Qd1 Nf6 8.
Be2 Bb4 9. Bd2 Bxc3 10. Bxc3 Nxe4 11. Bb4 Qb6 12. O-O Qxb4 13. Bd3 Nf6 14. Re1
d6 15. Rb1 O-O 16. a3 Qg4 17. Be2 Qg5 18. Qxd6 Be6 19. Bf3 e4 20. Bxe4 Nxe4 21.
Rxe4 Bd5 0-1

[Event "ENCI Limburg-open C"]
[Site "Maastricht"]
[Date "2011.06.13"]
[Round "7"]
[White "Veelenturf, Wim"]
[Black "Vossen, Patrick"]
[Result "1/2-1/2"]
[WhiteElo "1697"]
[BlackElo "1310"]
[PlyCount "59"]
[EventDate "2011.06.10"]
[EventType "swiss"]
[EventRounds "7"]
[EventCountry "NED"]
[Source "P.Boonen"]
[SourceDate "2012.01.01"]

1. Nf3 c6 2. c4 Nf6 3. Nc3 d5 4. cxd5 cxd5 5. d4 e6 6. Bg5 Be7 7. e3 Nbd7 8.
Bd3 O-O 9. O-O h6 10. Bh4 Re8 11. h3 b6 12. Bg3 a6 13. Rc1 Bb7 14. Ne5 Rc8 15.
f4 Nh7 16. Qh5 Nxe5 17. fxe5 Rf8 18. Bf4 Bg5 19. Qe2 f6 20. Bxa6 Bxa6 21. Qxa6
Bxf4 22. exf4 fxe5 23. fxe5 Ng5 24. Rxf8+ Kxf8 25. Rf1+ Kg8 26. Qd3 Qe7 27. a3
Qe8 28. h4 Nh7 29. Nb5 Qe7 30. g3 1/2-1/2

[Event "ENCI Limburg-open C"]
[Site "Maastricht"]
[Date "2011.06.13"]
[Round "7"]
[White "Wagemakers, Rick"]
[Black "Krug, Franz Dieter"]
[Result "1/2-1/2"]
[WhiteElo "1606"]
[BlackElo "1411"]
[PlyCount "89"]
[EventDate "2011.06.10"]
[EventType "swiss"]
[EventRounds "7"]
[EventCountry "NED"]
[Source "P.Boonen"]
[SourceDate "2012.01.01"]

1. g3 d5 2. Bg2 Nf6 3. Nf3 e6 4. O-O Nc6 5. d3 Be7 6. Nbd2 O-O 7. c4 h6 8. b3
d4 9. Bb2 Nh7 10. a3 Bf6 11. b4 a6 12. Ne4 Ng5 13. Nfxg5 Bxg5 14. Nxg5 Qxg5 15.
Bxc6 bxc6 16. Bxd4 e5 17. Be3 Qh5 18. Qd2 Be6 19. c5 f5 20. f4 e4 21. Rfd1 exd3
22. exd3 Bd5 23. Bd4 Rae8 24. Be5 Qf3 25. Rf1 Qh1+ 26. Kf2 Qxh2+ 27. Ke1 Qxg3+
28. Kd1 Bb3+ 29. Kc1 Rd8 30. d4 Ba4 31. Rf2 Qb3 32. Qa2 Rd7 33. Qxb3+ Bxb3 34.
Kb2 Bd5 35. Rg1 Kh7 36. Rh2 Re8 37. Rh3 Re6 38. Rhg3 Ree7 39. Rg6 Rf7 40. R1g3
Rde7 41. Kc3 Bf3 42. Kd3 h5 43. R3g5 h4 44. Ke3 Be4 45. Kf2 1/2-1/2

[Event "ENCI Limburg-open C"]
[Site "Maastricht"]
[Date "2011.06.13"]
[Round "7"]
[White "Wuijts, Johan"]
[Black "Uckerman, John"]
[Result "1-0"]
[WhiteElo "1693"]
[BlackElo "1657"]
[PlyCount "83"]
[EventDate "2011.06.10"]
[EventType "swiss"]
[EventRounds "7"]
[EventCountry "NED"]
[Source "P.Boonen"]
[SourceDate "2012.01.01"]

1. e4 d6 2. Nc3 Nf6 3. f4 Nbd7 4. Nf3 e5 5. d3 c6 6. g3 Be7 7. Bg2 h6 8. O-O
Qc7 9. a4 Qb6+ 10. Kh1 Ng4 11. Qe2 a6 12. a5 Qa7 13. h3 h5 14. hxg4 hxg4+ 15.
Nh2 Nf6 16. Be3 Nh5 17. Qf2 exf4 18. Bxa7 Nxg3+ 19. Kg1 Nxf1 20. Nxf1 f3 21.
Ng3 Bh4 22. Be3 Be6 23. Bxf3 Bxg3 24. Qxg3 Rh3 25. Qxh3 gxh3 26. Kh2 f6 27. Rg1
Kf7 28. Bg4 g5 29. Bxe6+ Kxe6 30. Rg3 d5 31. Rxh3 Rd8 32. exd5+ cxd5 33. d4 Rd7
34. Kg3 Kf5 35. Rh6 Rd6 36. Rh7 b6 37. axb6 Rxb6 38. b3 Kg6 39. Rd7 f5 40. Bd2
Kh5 41. Rxd5 Rf6 42. Bxg5 1-0

[Event "ENCI Limburg-open Veteranen"]
[Site "Maastricht"]
[Date "2011.06.10"]
[Round "1"]
[White "Boer, Henk"]
[Black "Borsten, Chris"]
[Result "1-0"]
[WhiteElo "1738"]
[BlackElo "1461"]
[PlyCount "105"]
[EventDate "2011.06.10"]
[EventType "swiss"]
[EventRounds "5"]
[EventCountry "NED"]
[Source "P.Boonen"]
[SourceDate "2012.01.01"]

1. c4 c5 2. Nc3 Nc6 3. Nf3 Nf6 4. g3 g6 5. Bg2 Bg7 6. O-O O-O 7. d4 cxd4 8.
Nxd4 Nxd4 9. Qxd4 Ne8 10. Qd3 Rb8 11. Bf4 e5 12. Be3 b6 13. Rad1 d6 14. Nb5 Bb7
15. Nxd6 Bxg2 16. Kxg2 Nxd6 17. Qxd6 Qc8 18. Qd3 Re8 19. b3 Qc7 20. Qd7 Qb7+
21. Qxb7 Rxb7 22. Rd5 f6 23. Rfd1 Ree7 24. c5 Rec7 25. cxb6 axb6 26. Rb5 Rc2
27. Rd2 Rxd2 28. Bxd2 Rd7 29. Be3 Rc7 30. a4 Rc2 31. Kf1 Bf8 32. Rxb6 Kf7 33.
a5 Ra2 34. a6 Be7 35. b4 Bxb4 36. Rxb4 Rxa6 37. Rb7+ Kg8 38. Bh6 Ra8 39. Rg7+
Kh8 40. Rf7 f5 41. h4 e4 42. Kg2 Kg8 43. Rg7+ Kh8 44. Re7 Kg8 45. g4 Ra5 46.
Rg7+ Kh8 47. Rf7 Ra8 48. gxf5 Kg8 49. fxg6 hxg6 50. Rg7+ Kh8 51. Rxg6 Kh7 52.
Re6 Rg8+ 53. Kh3 1-0

[Event "ENCI Limburg-open Veteranen"]
[Site "Maastricht"]
[Date "2011.06.10"]
[Round "1"]
[White "De Wit, Gerrit"]
[Black "Kerssemakers, Frans"]
[Result "1-0"]
[WhiteElo "1746"]
[BlackElo "1499"]
[PlyCount "77"]
[EventDate "2011.06.10"]
[EventType "swiss"]
[EventRounds "5"]
[EventCountry "NED"]
[Source "P.Boonen"]
[SourceDate "2012.01.01"]

1. e4 e5 2. Nf3 Nc6 3. Bb5 a6 4. Ba4 Nf6 5. O-O b5 6. Bb3 Be7 7. Re1 O-O 8. c3
d6 9. h3 Bd7 10. d4 Be8 11. Nbd2 Nd7 12. Nf1 Na5 13. Bc2 c6 14. Ng3 c5 15. d5
Kh8 16. Nf5 Rg8 17. Nxe7 Qxe7 18. Bg5 f6 19. Be3 Nc4 20. Bc1 Nf8 21. b3 Na5 22.
Nh4 Ng6 23. Nf5 Qd7 24. Qf3 Ne7 25. Ng3 Bf7 26. Bd2 Nb7 27. c4 b4 28. Bd1 a5
29. Qd3 Bg6 30. Bg4 Qe8 31. Qe2 Nd8 32. a3 Nf7 33. h4 h6 34. Be6 Rf8 35. Qg4
Bh7 36. Nh5 Rg8 37. Kh2 Ng6 38. g3 Nf8 39. axb4 {.....} 1-0

[Event "ENCI Limburg-open Veteranen"]
[Site "Maastricht"]
[Date "2011.06.10"]
[Round "1"]
[White "Debusschere, Helmut"]
[Black "Van Pol, Thieu"]
[Result "1/2-1/2"]
[WhiteElo "1796"]
[BlackElo "1566"]
[PlyCount "86"]
[EventDate "2011.06.10"]
[EventType "swiss"]
[EventRounds "5"]
[EventCountry "NED"]
[Source "P.Boonen"]
[SourceDate "2012.01.01"]

1. e4 d5 2. exd5 Qxd5 3. Nc3 Qa5 4. Nf3 c6 5. Be2 Nf6 6. O-O Bg4 7. h3 Bf5 8.
d3 e6 9. Bd2 Qc7 10. a3 Nbd7 11. Qc1 Bd6 12. b4 h6 13. Qb2 Ne5 14. d4 Nxf3+ 15.
Bxf3 O-O 16. Qc1 Nd5 17. Ne2 Rfe8 18. c4 Nf6 19. c5 Bf8 20. Bc3 Nd5 21. Bxd5
exd5 22. Ng3 Bg6 23. Qd2 Be7 24. Rae1 Bg5 25. Rxe8+ Rxe8 26. f4 Bh4 27. Rf3 Qe7
28. Qb2 Be4 29. Re3 Bxg3 30. Rxg3 Qf6 31. Qf2 Bh7 32. Re3 Re4 33. Rxe4 Bxe4 34.
Bd2 Qg6 35. g4 f5 36. g5 hxg5 37. fxg5 Qh5 38. Kh2 g6 39. Bf4 Qd1 40. Bb8 a6
41. Bf4 Qa1 42. Qe3 Kf7 43. Bd6 Qa2+ 1/2-1/2

[Event "ENCI Limburg-open Veteranen"]
[Site "Maastricht"]
[Date "2011.06.10"]
[Round "1"]
[White "Montforts, Ton"]
[Black "Simon, Martin KH"]
[Result "1/2-1/2"]
[WhiteElo "1635"]
[BlackElo "1810"]
[PlyCount "24"]
[EventDate "2011.06.10"]
[EventType "swiss"]
[EventRounds "5"]
[EventCountry "NED"]
[Source "P.Boonen"]
[SourceDate "2012.01.01"]

1. d4 d5 2. Nf3 Nf6 3. e3 g6 4. c4 Bg7 5. Nc3 O-O 6. Be2 dxc4 7. Bxc4 c6 8. O-O
Nbd7 9. Qc2 Nb6 10. Be2 Qc7 11. b3 Nfd5 12. Bb2 Nxc3 1/2-1/2

[Event "ENCI Limburg-open Veteranen"]
[Site "Maastricht"]
[Date "2011.06.10"]
[Round "1"]
[White "Rikers, Jo"]
[Black "Schotanus, Fred"]
[Result "0-1"]
[WhiteElo "1474"]
[BlackElo "1739"]
[PlyCount "46"]
[EventDate "2011.06.10"]
[EventType "swiss"]
[EventRounds "5"]
[EventCountry "NED"]
[Source "P.Boonen"]
[SourceDate "2012.01.01"]

1. d4 Nf6 2. Bf4 g6 3. e3 Bg7 4. Bd3 d6 5. c3 Nbd7 6. Qc2 e5 7. dxe5 dxe5 8.
Bg3 O-O 9. Nd2 Nc5 10. Be4 Nfxe4 11. Nxe4 Bf5 12. f3 Qd5 13. Rd1 Qc6 14. Ne2
Nxe4 15. fxe4 Bxe4 16. Qb3 Bxg2 17. Rg1 Bh3 18. Qd5 Qxd5 19. Rxd5 f6 20. Kf2
Be6 21. Ra5 Rfd8 22. e4 b6 23. Rb5 a6 0-1

[Event "ENCI Limburg-open Veteranen"]
[Site "Maastricht"]
[Date "2011.06.10"]
[Round "1"]
[White "Schreinemachers, Jo"]
[Black "Kwee, Tjoe Liong"]
[Result "1/2-1/2"]
[WhiteElo "1561"]
[BlackElo "1763"]
[PlyCount "68"]
[EventDate "2011.06.10"]
[EventType "swiss"]
[EventRounds "5"]
[EventCountry "NED"]
[Source "P.Boonen"]
[SourceDate "2012.01.01"]

1. d4 Nf6 2. c4 c5 3. d5 b5 4. Nf3 d6 5. cxb5 a6 6. Nc3 axb5 7. Nxb5 Qa5+ 8.
Nc3 Bb7 9. Bd2 Qb4 10. Rb1 Nbd7 11. a3 Qb6 12. e4 g6 13. Bd3 Bg7 14. O-O O-O
15. Re1 Ng4 16. h3 Nge5 17. Nxe5 Nxe5 18. Bf1 Ba6 19. Bxa6 Rxa6 20. Bg5 e6 21.
Kh1 h6 22. Bf4 Kh7 23. Qe2 Rfa8 24. Bd2 c4 25. Be3 Qb3 26. Qd1 Nd3 27. Qxb3
cxb3 28. Red1 Nxb2 29. Rxb2 Bxc3 30. Rxb3 Rxa3 31. Rxa3 Rxa3 32. dxe6 fxe6 33.
g3 Ra6 34. Rb1 Ra1 1/2-1/2

[Event "ENCI Limburg-open Veteranen"]
[Site "Maastricht"]
[Date "2011.06.11"]
[Round "2"]
[White "Borsten, Chris"]
[Black "Rikers, Jo"]
[Result "1-0"]
[WhiteElo "1461"]
[BlackElo "1474"]
[PlyCount "68"]
[EventDate "2011.06.10"]
[EventType "swiss"]
[EventRounds "5"]
[EventCountry "NED"]
[Source "P.Boonen"]
[SourceDate "2012.01.01"]

1. e4 c6 2. d4 d5 3. e5 e6 4. f4 Nd7 5. Nf3 Bb4+ 6. c3 Ba5 7. Bd3 c5 8. Be3 c4
9. Bc2 Qb6 10. Bc1 Ne7 11. O-O g6 12. Nbd2 Qd8 13. b4 Bb6 14. a4 a5 15. b5 Nf5
16. Bxf5 exf5 17. Ba3 Nf8 18. Bxf8 Kxf8 19. Qe1 Be6 20. Qg3 h6 21. Qh3 Kg7 22.
Qg3 Qe7 23. h4 h5 24. Ng5 Bd8 25. Qf3 Qd7 26. Qg3 Be7 27. Ndf3 Bxg5 28. Nxg5 b6
29. Rf3 Raf8 30. Qe1 f6 31. exf6+ Rxf6 32. Re3 Bf7 33. Re5 Rf8 34. Qe3 Qd6 {...
..} 1-0

[Event "ENCI Limburg-open Veteranen"]
[Site "Maastricht"]
[Date "2011.06.11"]
[Round "2"]
[White "Kerssemakers, Frans"]
[Black "Montforts, Ton"]
[Result "1/2-1/2"]
[WhiteElo "1499"]
[BlackElo "1635"]
[PlyCount "103"]
[EventDate "2011.06.10"]
[EventType "swiss"]
[EventRounds "5"]
[EventCountry "NED"]
[Source "P.Boonen"]
[SourceDate "2012.01.01"]

1. d4 Nf6 2. c4 g6 3. Nc3 Bg7 4. e4 d6 5. Be2 O-O 6. Nf3 Na6 7. a3 e5 8. d5 Nc5
9. Nd2 a5 10. O-O a4 11. f3 Nh5 12. b4 axb3 13. Nxb3 b6 14. Nxc5 bxc5 15. Rb1
f5 16. a4 Nf6 17. Bd3 f4 18. Bd2 h5 19. Be1 g5 20. Be2 Rf7 21. Rb2 g4 22. fxg4
Bxg4 23. Bh4 Qd7 24. Bf3 Bxf3 25. Rxf3 Ng4 26. Bf2 Rf6 27. h3 Nh6 28. Be1 Nf7
29. Bh4 Rh6 30. Qe1 Nh8 31. Kh2 Ng6 32. Bg5 Rh7 33. g3 Bh6 34. Bxh6 Rxh6 35.
gxf4 Nxf4 36. Rg3+ Kh7 37. Qg1 h4 38. Rg4 Rg8 39. Rf2 Rxg4 40. Qxg4 Qe7 41. Ne2
Ng6 42. Qf5 Kg7 43. a5 Rh8 44. Rg2 Qe8 45. a6 Qf7 46. Nc3 Ra8 47. Ra2 Qxf5 48.
exf5 Ne7 49. Nb5 Nc8 50. Nxc7 Ra7 51. Nb5 Ra8 52. Nc7 1/2-1/2

[Event "ENCI Limburg-open Veteranen"]
[Site "Maastricht"]
[Date "2011.06.11"]
[Round "2"]
[White "Kwee, Tjoe Liong"]
[Black "Debusschere, Helmut"]
[Result "1/2-1/2"]
[WhiteElo "1763"]
[BlackElo "1796"]
[PlyCount "71"]
[EventDate "2011.06.10"]
[EventType "swiss"]
[EventRounds "5"]
[EventCountry "NED"]
[Source "P.Boonen"]
[SourceDate "2012.01.01"]

1. f4 Nf6 2. Nf3 d6 3. b3 g6 4. Bb2 Bg7 5. e3 O-O 6. Be2 c5 7. c4 Nc6 8. O-O
Qc7 9. Nc3 a6 10. Rc1 Bd7 11. d3 Rae8 12. Qd2 e5 13. Nd5 Nxd5 14. cxd5 Nb8 15.
e4 Bh6 16. g3 Bh3 17. Rf2 Nd7 18. Ng5 Bxg5 19. fxg5 f5 20. Bf1 Bxf1 21. Rcxf1
fxe4 22. dxe4 c4 23. Rxf8+ Rxf8 24. Rxf8+ Nxf8 25. Qb4 cxb3 26. Qxb3 Nd7 27.
Kg2 Nc5 28. Qc4 Qb6 29. Ba3 Qb5 30. Qc2 b6 31. Bxc5 Qxc5 32. Qf2 Qc4 33. Qxb6
Qxe4+ 34. Kg1 Qxd5 35. Qd8+ Kg7 36. Qf6+ 1/2-1/2

[Event "ENCI Limburg-open Veteranen"]
[Site "Maastricht"]
[Date "2011.06.11"]
[Round "2"]
[White "Schotanus, Fred"]
[Black "De Wit, Gerrit"]
[Result "1/2-1/2"]
[WhiteElo "1739"]
[BlackElo "1746"]
[PlyCount "73"]
[EventDate "2011.06.10"]
[EventType "swiss"]
[EventRounds "5"]
[EventCountry "NED"]
[Source "P.Boonen"]
[SourceDate "2012.01.01"]

1. e4 g6 2. g3 Bg7 3. Bg2 d6 4. Ne2 e5 5. O-O Nc6 6. d3 Nf6 7. Nbc3 O-O 8. h3
Bd7 9. Be3 a6 10. g4 Rb8 11. Ng3 b5 12. Qd2 Kh8 13. f4 exf4 14. Bxf4 Ne7 15.
Bg5 Nfg8 16. d4 f6 17. Be3 Nc6 18. Nd5 Nge7 19. Nf4 Qc8 20. Nd3 f5 21. exf5
gxf5 22. g5 Ng6 23. Nf4 Nxf4 24. Bxf4 Ne7 25. Nh5 Be8 26. Nxg7 Kxg7 27. Rae1
Ng6 28. Rf2 Bf7 29. d5 Qd7 30. Qd4+ Kg8 31. Bd2 Rbe8 32. Ref1 Ne5 33. Rxf5 Bg6
34. Rxf8+ Rxf8 35. Rxf8+ Kxf8 36. c3 Qf5 37. Kh2 1/2-1/2

[Event "ENCI Limburg-open Veteranen"]
[Site "Maastricht"]
[Date "2011.06.11"]
[Round "2"]
[White "Simon, Martin KH"]
[Black "Boer, Henk"]
[Result "1/2-1/2"]
[WhiteElo "1810"]
[BlackElo "1738"]
[PlyCount "41"]
[EventDate "2011.06.10"]
[EventType "swiss"]
[EventRounds "5"]
[EventCountry "NED"]
[Source "P.Boonen"]
[SourceDate "2012.01.01"]

1. d4 d5 2. Nf3 Nf6 3. Bf4 c6 4. e3 Bg4 5. Nbd2 e6 6. h3 Bh5 7. c3 Nbd7 8. Be2
Qb6 9. Qb3 Be7 10. g4 Bg6 11. Ne5 Nxe5 12. Bxe5 O-O 13. Qxb6 axb6 14. O-O Nd7
15. Bg3 c5 16. f4 f5 17. g5 Rfc8 18. h4 Be8 19. Kg2 Nf8 20. Bf2 Ba4 21. a3
1/2-1/2

[Event "ENCI Limburg-open Veteranen"]
[Site "Maastricht"]
[Date "2011.06.11"]
[Round "2"]
[White "Van Pol, Thieu"]
[Black "Schreinemachers, Jo"]
[Result "0-1"]
[WhiteElo "1566"]
[BlackElo "1561"]
[PlyCount "94"]
[EventDate "2011.06.10"]
[EventType "swiss"]
[EventRounds "5"]
[EventCountry "NED"]
[Source "P.Boonen"]
[SourceDate "2012.01.01"]

1. d4 d5 2. Nf3 Nf6 3. Bf4 c5 4. c3 Qb6 5. Qb3 c4 6. Qxb6 axb6 7. Nbd2 Nc6 8.
e3 Bf5 9. Nh4 Bc2 10. Nhf3 e6 11. h3 Be7 12. Be2 O-O 13. O-O b5 14. Rfc1 Bg6
15. Nh4 Bh5 16. Nhf3 b4 17. cxb4 Nxb4 18. a3 Nc6 19. g4 Bg6 20. Ne5 Nxe5 21.
Bxe5 Ne4 22. Nxe4 Bxe4 23. f3 Bg6 24. Kf2 b5 25. Bg3 b4 26. axb4 Bxb4 27. h4 h6
28. g5 hxg5 29. hxg5 Rfc8 30. e4 Bd2 31. Rd1 Bxg5 32. exd5 exd5 33. f4 Bf6 34.
Bf3 Rxa1 35. Rxa1 Bxd4+ 36. Kg2 Bxb2 37. Rh1 Be4 38. Bxe4 dxe4 39. f5 f6 40.
Kf2 Re8 41. Bf4 Kf7 42. Bc1 Bd4+ 43. Kg3 e3 44. Re1 e2 45. Kf3 Bc3 46. Rxe2
Rxe2 47. Kxe2 Ke7 0-1

[Event "ENCI Limburg-open Veteranen"]
[Site "Maastricht"]
[Date "2011.06.12"]
[Round "3"]
[White "Boer, Henk"]
[Black "De Wit, Gerrit"]
[Result "1-0"]
[WhiteElo "1738"]
[BlackElo "1746"]
[PlyCount "135"]
[EventDate "2011.06.10"]
[EventType "swiss"]
[EventRounds "5"]
[EventCountry "NED"]
[Source "P.Boonen"]
[SourceDate "2012.01.01"]

1. c4 Nf6 2. Nc3 g6 3. Nf3 Bg7 4. g3 O-O 5. Bg2 d6 6. O-O Nbd7 7. d4 e5 8. Qc2
c6 9. dxe5 dxe5 10. Rd1 Qe7 11. Bg5 h6 12. Be3 Ng4 13. Bd2 Ngf6 14. e4 g5 15.
a3 a5 16. Rab1 Qe6 17. b3 Nh5 18. Be3 Nhf6 19. Qe2 Re8 20. Rb2 Qe7 21. b4 axb4
22. axb4 Ng4 23. Bc1 Nf8 24. c5 Ne6 25. Ra2 Rxa2 26. Qxa2 Rd8 27. h4 gxh4 28.
Nxh4 Rxd1+ 29. Nxd1 Nd4 30. Ne3 Nxe3 31. Bxe3 Be6 32. Qd2 Nb3 33. Qd1 Qd7 34.
Qxd7 Bxd7 35. Nf5 Bxf5 36. exf5 Nd4 37. Be4 Kf8 38. Kg2 Ke7 39. g4 Kf6 40. Kh3
Ne2 41. Kh4 Nf4 42. Kg3 Ne2+ 43. Kg2 Nd4 44. Bd3 Bf8 45. Kg3 Kg7 46. Bxd4 exd4
47. Kf4 Be7 48. Ke5 Bf6+ 49. Kd6 Bg5 50. Kc7 Bd2 51. Kxb7 Bxb4 52. Kxc6 Kf8 53.
Kd5 Ke7 54. Kxd4 f6 55. Kd5 Kd7 56. Bb5+ Kc7 57. c6 Bd2 58. Ke6 Bc3 59. Kf7 Kd8
60. Kg6 Be5 61. Kxh6 Ke7 62. Kg6 Bc7 63. g5 fxg5 64. Kxg5 Be5 65. Kg6 Bc7 66.
f6+ Kf8 67. Kf5 Bd8 68. Ke6 1-0

[Event "ENCI Limburg-open Veteranen"]
[Site "Maastricht"]
[Date "2011.06.12"]
[Round "3"]
[White "Debusschere, Helmut"]
[Black "Borsten, Chris"]
[Result "1/2-1/2"]
[WhiteElo "1796"]
[BlackElo "1461"]
[PlyCount "62"]
[EventDate "2011.06.10"]
[EventType "swiss"]
[EventRounds "5"]
[EventCountry "NED"]
[Source "P.Boonen"]
[SourceDate "2012.01.01"]

1. e4 c5 2. Nf3 d6 3. d4 cxd4 4. Nxd4 Nf6 5. Nc3 Nc6 6. Be2 e6 7. O-O a6 8. Kh1
Bd7 9. Be3 Be7 10. Nxc6 bxc6 11. Qd2 O-O 12. f3 e5 13. Rfd1 Qc7 14. Bg5 Be6 15.
Bxf6 gxf6 16. Bd3 d5 17. exd5 cxd5 18. Qh6 f5 19. Qh3 e4 20. Be2 Qe5 21. f4
Qxf4 22. Nxd5 Qg5 23. Nxe7+ Qxe7 24. b3 Qf6 25. c4 Rfd8 26. Qg3+ Kh8 27. Qf4
Rd4 28. Rac1 Rad8 29. c5 Rxd1+ 30. Bxd1 Qd4 31. Bh5 e3 {.....} 1/2-1/2